000 00529nab a2200169Ia 4500
003 ES-SlBCS
005 20210601143847.0
008 140529s1994 xxu||||| |||| 00| 0 spa d
041 _aspa
100 1 _aMuñoz, Teresa
_9227051
245 0 0 _aHistoria y sociología: (des)encuentros
_c Teresa Muñoz, Aymara Hernández, Alaín Basail
650 0 4 _aHistoria
_92130
700 1 _aBasail, Alaín
_9294016
773 0 _tPraxis Sociologica
_gnº. 4, 1994, págs. 97-106
_wRev655
700 1 _aHernández, Aymara
_9294017
942 _cAR
999 _c698989
_d698989